AutoCAD 2000 / Βήμα προς Βήμα: 1η Αμερικάνικη Έκδοση (Record no. 5759)
[ view plain ]
| 000 -LEADER | |
|---|---|
| fixed length control field | 01620cam a22002054a 4500 |
| 005 - ΗΜΕΡΟΜΗΝΙΑ ΚΑΙ ΩΡΑ ΤΕΛΕΥΤΑΙΑΣ ΕΝΗΜΕΡΩΣΗΣ | |
| Πεδίο ελέγχου | 20250605164221.0 |
| 008 - FIXED-LENGTH DATA ELEMENTS--GENERAL INFORMATION | |
| Πεδίο ελέγχου σταθερού μήκους | 250528s ||||||||||||||||||||||||d |
| 035 ## - SYSTEM CONTROL NUMBER | |
| System control number | 20673 |
| 020 ## - ISBN | |
| ISBN | 9605121832 |
| 040 ## - ΠΗΓΗ ΚΑΤΑΛΟΓΟΓΡΑΦΗΣΗΣ | |
| Φορέας πρωτότυπης καταλογογράφησης | MC Athens Campus Library |
| Γλώσσα καταλογογράφησης | Ελληνικά, Μοντέρνα (1453-) |
| Modifying agency | MC Athens Campus Library |
| Κανόνες περιγραφικής καταλογογράφησης | AACR2 |
| 245 1# - ΤΙΤΛΟΣ ΚΑΙ ΔΗΛΩΣΗ ΥΠΕΥΘΥΝΟΤΗΤΑΣ | |
| Τίτλος | AutoCAD 2000 / Βήμα προς Βήμα: 1η Αμερικάνικη Έκδοση |
| 260 ## - PUBLICATION, DISTRIBUTION, ETC. | |
| Name of publisher, distributor, etc. | Μ. Γκιούρδας, |
| Date of publication, distribution, etc. | 1999 |
| 300 ## - PHYSICAL DESCRIPTION | |
| Extent | 638 |
| 520 ## - SUMMARY, ETC. | |
| Summary, etc. | Το καλύτερο βιβλίο για να μάθετε την νεότερη έκδοση του AutoCAD, του προγράμματος σχεδίασης που έχει καθιερωθεί παγκοσμίως σαν πρότυπο σε όλους τους τομείς. Εισαγωγή, Γνωριμία με το AutoCAD, Βασικές Εντολές, Στρατηγικές Σχεδίασης, Οργάνωση του Σχεδίου με Επίπεδα, Μπλοκ, Δημιουργία Όψεων, Διαγραμμίσεις και Γεμίσματα, Κείμενο σε Σχέδια, Διαστασιολόγηση Σχεδίων, Εξωτερικές Αναφορές, Διατάξεις για την Εκτύπωση Σχεδίων, Εκτύπωση Σχεδίων από το AutoCAD, Σχεδίαση στις Τρείς Διαστάσεις: Είσαγωγή, Ιδιότητες (Attributes): Εισαγωγή, Δημιουργία Ενός Μπλοκ Τίτλου με Ιδιότητες, Γλωσσάριο, Ευρετήριο. |
| 700 1# - ΠΡΟΣΘΕΤΗ ΑΝΑΓΡΑΦΗ--ΦΥΣΙΚΟ ΠΡΟΣΩΠΟ | |
| Personal name | Frey C. Sherwood |
| 9 (RLIN) | 967 |
| 700 1# - ΠΡΟΣΘΕΤΗ ΑΝΑΓΡΑΦΗ--ΦΥΣΙΚΟ ΠΡΟΣΩΠΟ | |
| Personal name | Γκαγκάτσιου Ε |
| 9 (RLIN) | 6639 |
| 942 ## - ADDED ENTRY ELEMENTS (KOHA) | |
| Koha item type | Books |
| Τύπος τεκμηρίου | Βιβλιοθήκη | Τρέχουσα τοποθεσία | Barcode | Αριθμός εισαγωγής | Ημερομηνία απόκτησης | Ταξιθετικό σύμβολο | Αριθμός αντιτύπου | Κατάσταση απόσυρσης | Κατάσταση χαμένου | Κατάσταση κατεστραμμένου | Μη δανεισμός | Σύνολο δανεισμών | Ημερομηνία τελευταίας εμφάνισης | Η τιμή ισχύει από |
|---|---|---|---|---|---|---|---|---|---|---|---|---|---|---|
| Books | MC Athens Campus Library | MC Athens Campus Library | 9780000057587 | 7272 | 05/06/2025 | 005.369 FRE | 1 | 05/06/2025 | 05/06/2025 |